000 00634cam a22002172 4500
001 0000019431
005 20151217152155.0
008 101115s xx 000 0 eng d
020 _a1844808977 :
040 _aKABU
_cKABU
050 0 _aHF5635
_b.R93 2008
100 1 _aRyan, Bob.
_@0000151904
245 1 0 _aFinance and accounting for business. /
_cBob Ryan.
260 _aAndover, England :
_bCengage Learning,
_c2008.
300 _axix, 544 p.
650 0 _aAccounting.
_@0000148321
650 0 _aFinance.
_@0000148330
852 1 _9p4972.50 KES
908 _a101115
950 _@1
999 _c8959
_d8959